| 000 | 00000nam##2200000za#4500 |
| 001 | 9.662073 |
| 003 | CaOODSP |
| 005 | 20210615120348 |
| 007 | ta |
| 008 | 150407|2000||||xxc||||| f|0| 0 eng|d |
| 020 | |a0-662-65245-2 |
| 022 | |a1488-6618 |
| 040 | |aCaOODSP|beng |
| 041 | |aeng |
| 041 | |afre |
| 043 | |an-cn--- |
| 086 | 1 |aA72-57/2000 |
| 110 | 1 |aCanada. |bAgriculture and Agri-Food Canada. |
| 245 | 10|aMedium term policy baseline : |binternational and domestic markets |
| 250 | |aSeptember, 2000. |
| 260 | |aOttawa - Ontario : |bAgriculture and Agri-Food Canada |c2000. |
| 300 | |aEnglish text, 99p. in various pagings. : |bgraphs, tables ; |c28 cm. |
| 500 | |a"The purpose of this document is to describe the features of Agriculture and Agri-Food Canada (AAFC's) medium term policy baseline covering the period 2000-2006. This baseline is an attempt to outline a plausible future for the international and domestic agri-food sectors. This outline will serve as a benchmark for discussion, scenario analysis and consensus about the impact of current and prospective events on these agri-food sectors. The baseline makes specific assumptions and judgements and works out their implications. Since it holds policies constant according to existing legislation, the baseline is not a forecast of future events... The text of this document includes an overview of the main assumptions and key results and is accompanied by many figures to facilitate the comprehension."--Preface. |
| 504 | |aBibliography. |
| 520 | 3 |aThe purpose of this document is to describe the features of Agriculture and Agri-Food Canada (AAFC's) medium term policy baseline covering the period 2000-2006. This baseline is an attempt to outline a plausible future for the international and domestic agri-food sectors. This outline will serve as a benchmark for discussion, scenario analysis and consensus about the impact of current and prospective events on these agri-food sectors. The baseline makes specific assumptions and judgements and works out their implications. Since it holds policies constant according to existing legislation, the baseline is not a forecast of future events... The text of this document includes an overview of the main assumptions and key results and is accompanied by many figures to facilitate the comprehension.--Preface |
| 546 | |aBilingual |
| 563 | |aSpiral binding |
| 590 | |a00-44|b2000-11-03 |
| 690 | 07|aAgricultural policy|2gcpds |
| 690 | 07|aAgri-food industry|2gcpds |
| 690 | 07|aInternational markets|2gcpds |
| 690 | 07|aDomestic markets|2gcpds |
| 776 | 0#|tScénario de référence des politiques à moyen terme : |w(CaOODSP)9.637712 |
| 776 | 0#|tMedium term policy baseline : |w(CaOODSP)9.693536 |
| 792 | |tScénario de référence des politiques à moyen terme : |efre|w(CaOODSP)9.662074 |
| 986 | |a2057/B |